01131nam a2200325Ic 450000100060000000300100000600500170001600700030003300800410003602000180007704000350009504100080013008400060013810000290014424501130017325000270028626400430031330000430035633600270039933700330042633800280045953400570048765000370054465000320058165000350061365000530064865000550070170000210075670000280077758680CO-BoRNBP20250827163950.0ta141031s2012 s a g 000 p s  a9788433968999 aCO-BoRNBPbspaerdacCO-BoRNBP aspa aP aBurton, Tim,d1958-eaut13aLa melancólica muerte de Chico Ostra /cTexto e ilustraciones Tim Burton ; traducción Francisco Segovia. aDecimonovena edición 1aBarcelona, España :bAnagrama,c2012 a137 páginas :bilustraciones a color atextobtxt2rdacontent asin mediaciónbn2rdamedia avolumenbnc2rdacarrier tThe Melancholy Death of Oyster Boy and Other Stories07aEmociones en la literatura2LEMB07aHumo en la literatura2lemb07aNiños en la literatura2lemb04aPoesía infantil estadounidenseySiglo XX2LEMB04aLiteratura infantil estadounidenseySiglo XX2LEMB aBurton, Timeill aSegovia, Franciscoetrl